000 00768nam a2200253Ia 4500
003 OSt
005 20220930094534.0
006 a|||||r|||| 00| 0
007 ta
008 220926b |||||||| |||| 00| 0 per d
024 _a72144
037 _cTheses
040 _aCRL
_cCRL
_bper
041 _2per
_aper
100 _aNigar Au.
_9555812
110 _aUniversity of Delhi. Faculty of Arts. Department of Persian
_9520241
245 0 _aAhmad Mehmood nawesindha realisti
_b tehleel inteqadi asarish
260 _c2021
300 _a263p.
_ap.
_ccm.
700 _a Rajinder Kumar Gu.
_9555813
700 _aUniversity of Delhi. Faculty of Arts. Department of Persian
_9520242
942 _cDIS
_2CC
999 _c887278
_d887278